California Big 4 Teams Quiz Stats

Quiz Updated Feb 20, 2018

Challenge
Share
Tweet
Embed
Score 0/16 Timer 02:00
9 Plays Today
Organization Team Name % Correct
NBALos Angeles Lakers
96.3%
NHLLos Angeles Kings
95.9%
NBASacramento Kings
95.8%
NFLSan Francisco 49ers
94.6%
NFLOakland Raiders
93.8%
MLBLos Angeles Dodgers
93.8%
MLBLos Angeles Angels
93.1%
NFLLos Angeles Rams
92.4%
Organization Team Name % Correct
MLBSan Francisco Giants
92.1%
NFLLos Angeles Chargers
91.8%
NBALos Angeles Clippers
91.1%
MLBSan Diego Padres
89%
MLBOakland Athletics
88.9%
NBAGolden State Warriors
87.9%
NHLAnaheim Ducks
82.3%
NHLSan Jose Sharks
78.2%

You're not logged in!

Compare scores with friends on all Sporcle quizzes.
Join for Free
OR
Log In

You Might Also Like...

Show Comments

Extras

Top Quizzes Today


Score Distribution

Your Account Isn't Verified!

In order to create a playlist on Sporcle, you need to verify the email address you used during registration. Go to your Sporcle Settings to finish the process.

Report this User

Report this user for behavior that violates our Community Guidelines.

Details: